Disney Movie Decade - Statistics

General Stats
  • This quiz has been taken 14 times
  • The average score is 14 of 28
Answer Stats
Hint Explanation Answer % Correct
Tangled 2010 2010s
71%
Encanto 2021 2020s
71%
Pinocchio 1940 1940s
64%
Dumbo 1941 1940s
64%
Mulan 1998 1990s
64%
Frozen 2 2019 2010s
64%
Big Hero 6 2014 2010s
64%
Snow White 1937 1930s
57%
One Hundred and One Dalmatians 1961 1960s
57%
Tarzan 1999 1990s
57%
Brother Bear 2003 2000s
57%
The Princess and the Frog 2009 2000s
57%
Frozen 2013 2010s
57%
Bambi 1942 1940s
50%
The Jungle Book 1967 1960s
50%
The Fox and the Hound 1981 1980s
50%
The Rescuers Down Under 1990 1990s
50%
The Lion King 1994 1990s
50%
Dinosaur 2000 2000s
43%
The Three Caballeros 1945 1940s
36%
Sleeping Beauty 1959 1950s
36%
Peter Pan 1953 1950s
36%
The Aristocats 1970 1970s
36%
The Little Mermaid 1989 1980s
36%
Fantasia 2000 1999 1990s
36%
Cinderella 1950 1950s
29%
Pete's Dragon 1977 1970s
29%
Robin Hood 1973 1970s
29%
No matching quizzes found
Score Distribution
Percent of People with Each Score
Percentile by Number Answered
Your Score History
You have not taken this quiz